[Event "Barcelona CC-ch Amateurs B"]
[Site "Barcelona"]
[Date "2019.06.20"]
[Round "8"]
[White "Usobiaga Ferrer, Enrique"]
[Black "Ortiz Padro, Pol"]
[Result "0-1"]
[WhiteElo "1321"]
[BlackElo "1554"]
[PlyCount "46"]
[EventDate "2019.06.11"]
[EventType "tourn"]
[EventRounds "9"]
[EventCountry "CAT"]
[SourceTitle "EXT 2020"]
[Source "ChessBase"]
[SourceDate "2019.10.17"]
[SourceVersion "1"]
[SourceVersionDate "2019.10.17"]
[SourceQuality "1"]

1. e4 d5 2. exd5 Qxd5 3. Nc3 Qa5 4. d4 Nf6 5. Nf3 Nc6 6. Bd2 a6 7. Bd3 Bg4 8. 0-0 Qh5 9. Be2 0-0-0 10. Ng5 h6 11. Nxf7 Bxe2 12. Qxe2 Qxf7 13. Bf4 Rxd4 14. Be3 Rd7 15. Rad1 e6 16. Rxd7 Nxd7 17. Rd1 Nf6 18. Qd3 Bd6 19. Ne2 Rd8 20. Nd4 Nxd4 21. Bxd4 e5 22. Bxe5 Qh5 23. Bg3 Be7 0-1

[Event "Barcelona CC-ch Amateurs B"]
[Site "Barcelona"]
[Date "2019.06.18"]
[Round "6"]
[White "Vidal Sanchez, Francesc"]
[Black "Ortiz Padro, Pol"]
[Result "1-0"]
[WhiteElo "1533"]
[BlackElo "1554"]
[PlyCount "58"]
[EventDate "2019.06.11"]
[EventType "tourn"]
[EventRounds "9"]
[EventCountry "CAT"]
[SourceTitle "EXT 2020"]
[Source "ChessBase"]
[SourceDate "2019.10.17"]
[SourceVersion "1"]
[SourceVersionDate "2019.10.17"]
[SourceQuality "1"]

1. Nf3 Nf6 2. b3 g6 3. Bb2 Bg7 4. d4 0-0 5. e3 d6 6. Nbd2 Nbd7 7. Bd3 c5 8. 0-0 a6 9. Ng5 h6 10. Nge4 Nxe4 11. Nxe4 d5 12. Ng3 cxd4 13. exd4 h5 14. Re1 h4 15. Ne2 h3 16. Nf4 hxg2 17. Bxg6 fxg6 18. Nxg6 Rf7 19. Qh5 Nf6 20. Qg5 Ne4 21. Qh4 Bf6 22. Qf4 Bxd4 23. Qc1 Bxf2+ 24. Kxg2 Bxe1 25. Qxe1 Rf2+ 26. Kh1 Bh3 27. Qe3 Bg2+ 28. Kg1 Rxc2 29. Qd4 Kh7 1-0